| 000 | 00823nam a2200229 i 4500 | ||
|---|---|---|---|
| 001 | 188091 | ||
| 003 | ES-MaACL | ||
| 005 | 20250930063200.0 | ||
| 008 | 180427s1963 sp fo |||| | spa d | ||
| 100 | 1 |
_aClarasó, Noel, _d1899-1985 _939003 |
|
| 245 | 1 | 0 |
_a3.º izquierda / _cNoel Clarasó ; [portada ilustrada por Muntañola]. |
| 246 | 3 | 3 |
_aTercero izquierda _b: [guiones de televisión] |
| 250 | _a1ª ed. | ||
| 260 |
_aBarcelona : _bSagitario, _c1963. |
||
| 300 |
_a245 p., [10] h. de lám. ; _c19 cm. |
||
| 490 | 1 |
_aAyer y hoy, humor ; _v6 |
|
| 599 | _aLám. son fot. de escenas con los actores José Luis López Vázquez, Elvira Quintillá y otros. | ||
| 700 | 1 |
_aMuntañola, Joaquim. _984244 |
|
| 830 | 0 |
_aAyer y hoy, humor ; _v6 _9192992 |
|
| 852 |
_aES-MaACL _jL-31981 |
||
| 999 |
_c188091 _d188091 |
||